Health at a Glance 2017 OECD Indicators

Uložené v:
Podrobná bibliografia
Médium: Kniha
Jazyk:English
Vydavateľské údaje: Paris OECD 2017
Edícia:Health at a Glance
Predmet:
Tagy: Pridať tag
Žiadne tagy, Buďte prvý, kto otaguje tento záznam!

MARC

LEADER 00000nam a2200000 4500
001 0242409
005 20240314123012.4
020 |a 978-92-64-28039-7 
041 0 |a eng 
044 |a FR 
245 1 0 |a Health at a Glance 2017  |b OECD Indicators 
264 1 |a Paris  |b OECD  |c 2017 
300 |a 215 s. 
490 1 |a Health at a Glance 
830 0 |a Health at a Glance 
610 2 0 |a zdravotníctvo 
610 2 0 |a starostlivosť zdravotná 
610 2 0 |a kvalita 
610 2 0 |a ochrana zdravia 
610 2 0 |a zdravie 
610 2 0 |a riziko 
610 2 0 |a chorobnosť 
610 2 0 |a ukazovatele 
610 2 0 |a výdavky 
610 2 0 |a sily pracovné 
610 2 0 |a farmakológia 
610 2 0 |a demografia 
610 2 0 |a starnutie populácie 
610 2 0 |a porovnanie štatistické medzinárodné